00447nam a2200121Ia 4500008004100000245008800041245001500129260000900144650003200153856004800185999001900233952007300252171204s9999 xx 000 0 und d aStaging Corruption: Chinese Television and Politics: (Contemporary Chinese Studies) cRuoyun Bai c2014 xTV PRODUCTION AND DIRECTION uhttp://down.ebook777.com/040/0774826312.pdf c346194d346194 001040aCLbCLd2017-12-04l0r2017-12-04 00:00:00w2017-12-04yCBE